000 00221 a2200097 4500
001 42161
100 _aMason F K
245 _aA Control Encyclopedia of Aviations
260 _a
_bGeorge Philip
_c
090 _c26150
_d26150
942 _aNUST-CAE
_cM
_c17948
999 _c277234
_d277234